British Monarchs #2 - Statistics

General Stats
  • This quiz has been taken 23 times
  • The average score is 5 of 15
Answer Stats
Question Answer % Correct
Was Charles I the only English king to be beheaded? yes
100%
Which would-be monarch did Mary I oppose and execute? Lady Jane Grey
63%
What was the period in which Stephen and Matilda fought for the throne of England? The Anarchy
56%
Who re-opened theatres and allowed women to be actresses? Charles II
44%
Who was known as the Hammer of the Scots? Edward I
44%
What % of the adult population of England died in the Civil War? 10
38%
What animal did James I buy and keep as a pet at St. James' Park? Elephant
31%
Henry I lost his only son when this ship sank White Ship
31%
Who lead the Glorious Revolution of 1688? William of Orange
31%
Who founded the Royal Observatory and supported the scientific-focused Royal Society? Charles II
25%
Who's body burst in their coffin, after it was shoved in as it was too big due to swelling? William I
19%
Who slept with a huge battle-axe nect to their bed? Henry VIII
13%
Who wanted to be boiled after death and his bones taken into battle? Edward I
6%
Which king had a dragon tattoo on his right arm? George V
6%
Which dynasty has been the longest running so far Plantagenets
6%
No matching quizzes found
Score Distribution
Percent of People with Each Score
Percentile by Number Answered
Your Score History
You have not taken this quiz